Conjuración de Catilina

Salvato in:
Dettagli Bibliografici
Autore principale: Salustio, Cayo Crispo (Autore)
Natura: Libro
Lingua:spagnolo
Pubblicazione: Madrid Librería de los Sucesores de Hernando 1908
Serie:Biblioteca Clásica, 15
Soggetti:
Tags: Aggiungi Tag
Nessun Tag, puoi essere il primo ad aggiungerne!!

MARC

LEADER 00000nam a2200000 a 4500
001 UCP4029
003 CL-VaPUC
008 990709e19080000SP |||||||||||||||||spa|d
082 0 4 |a 937.05  |b SAL  |2 21 
100 0 |a Salustio, Cayo Crispo  |e author  |9 431439 
245 1 0 |a Conjuración de Catilina 
246 1 3 |a La guerra de Jugurta 
300 |a 350 p 
942 |c BK 
945 |d 19990709 00:00:00  |a lriquelm 
260 |a Madrid  |b Librería de los Sucesores de Hernando  |c 1908 
650 0 |a Historia  |9 255047 
650 7 |a CONSPIRACION DE CATILINA 65-62 AC  |2 CL-VaPUC  |9 418658 
650 0 |a Guerras  |9 255273 
651 0 |a Roma   |9 255106 
583 |a last modification  |c 19990709 00:00:00  |k Rodrigo Vera 
490 0 |a Biblioteca Clásica, 15 
999 |c 282109  |d 282107 
952 |0 0  |1 0  |4 0  |6 937_050000000000000_SAL_1908  |7 0  |8 X  |9 323539  |a BIBHIS  |b BIBHIS  |d 2019-11-20  |i 1364685  |o 937.05 SAL 1908  |p 1364685  |r 2024-01-30  |w 2019-11-20  |y BK_X  |k HIS